015_ Personnalités nées un 15 janvier par images - Statistiques

Statistiques générales
  • Ce quiz a été pris 62 fois
  • Le résultat moyen est 5 sur 12
Statistiques - réponses
Par images Hint Réponse % Correct
Pasteur Martin Luther King
97%
Dirigeante Politique Giorgia Meloni
77%
Politicienne Mathilde Panot
70%
Rappeur Pitbull
59%
Écrivain Molière
39%
Actrice Regina King
38%
Dirigeant Politique Gamal Abdel Nasser
33%
Tenniswomen Mary Pierce
25%
Politicien Michel Debré
13%
Journaliste Pierre-Joseph Proudhon
3%
Roi Abdelaziz ibn Saoud
2%
Politicienne Sophie Wilmès
2%
Aucun quiz correspondant
Distribution des résultats
% des personnes avec chaque résultat
Percentile par nombre de réponses
Votre historique - résultats
Vous n’avez pas pris ce quiz